00372 a2200109 4500082001500000110002800015245004400043260002500087300002700112650009500139710002800234 a707bH676m aFondo Cultural de Hivos aMoving CulturesbCulturas en Movimiento aLa HayabHivosc2005 a96p bill (col)c21 cm aarte y sociedadxproyectos comunitarios de artexmulticulturalismozAmerica LatinazAfrica aFondo Cultural de Hivos